000 00292nam a22001337a 4500
008 190226b xxu||||| |||| 00| 0 eng d
020 _a9780062733146
041 _aeng
080 _a910
100 _a42
101 _aGJEO
245 _aAtlas of the Environment
_cLean, G
942 _2udc
_cBK
999 _c54286
_d54286